[Event "Damhusmesterskabet Gruppe B 2011"]
[Site "Rodovre"]
[Date "2011.09.06"]
[Round "1"]
[White "Nielsen, Jorgen Holmstrom"]
[Black "Sorensen, Leif"]
[Result "1/2-1/2"]
[WhiteElo "1519"]
[BlackElo "1648"]
[PlyCount "83"]
[EventDate "2011.??.??"]


1. Nc3 d5 2. e4 d4 3. Nce2 e5 4. Nf3 Bd6 5. Ng3 Ne7 6. Bc4 Bg4 7. Bxf7+ Kxf7 8.
Ng5+ Kg8 9. Qxg4 Qd7 10. Qe2 h6 11. Qc4+ Nd5 12. Qxd5+ Kf8 13. Ne6+ Ke7 14.
Nf5+ Kf6 15. Nexg7 Nc6 16. Nh5+ Kg6 17. g4 Nb4 18. d3 Nxd5 19. exd5 Raf8 20.
Nh4+ Kf7 21. h3 Bb4+ 22. Bd2 Bxd2+ 23. Kxd2 Ke8 24. Ng6 Rxf2+ 25. Ke1 Rhf8 26.
Nxf8 Rxf8 27. Rf1 Rxf1+ 28. Kxf1 Qa4 29. b3 Qa3 30. Re1 Qxa2 31. Rxe5+ Kd7 32.
Re2 Qb1+ 33. Kg2 a5 34. Nf6+ Kd6 35. Ne8+ Kd7 36. Ng7 b5 37. Nf5 a4 38. Nxd4 a3
39. Nxb5 a2 40. Nc3 Qg1+ 41. Kxg1 a1=Q+ 42. Nb1 1/2-1/2

[Event "Damhusmesterskabet Gruppe B 2011"]
[Site "Rodovre"]
[Date "2011.09.06"]
[Round "1"]
[White "Hardarson, Gisli"]
[Black "Helleshoj, Knud Erik"]
[Result "1/2-1/2"]
[WhiteElo "1614"]
[BlackElo "1537"]
[PlyCount "88"]
[EventDate "2011.??.??"]


1. Nf3 Nc6 2. d4 d5 3. Bf4 Nf6 4. h3 e6 5. e3 Be7 6. c4 O-O 7. Nc3 a6 8. Bd3
dxc4 9. Bxc4 b5 10. Bd3 Bb7 11. a3 b4 12. Ne4 bxa3 13. bxa3 Nxe4 14. Bxe4 Na5
15. Bxb7 Nxb7 16. Ne5 Qd5 17. O-O c5 18. dxc5 Qxd1 19. Rfxd1 Nxc5 20. Nc6 Bf6
21. Rac1 Ne4 22. Rd3 Rac8 23. f3 e5 24. Bh2 Ng5 25. Rd6 Kh8 26. Rcd1 Ne6 27.
Bxe5 Rxc6 28. Bxf6 Rxd6 29. Bxg7+ Kxg7 30. Rxd6 Ra8 31. Kf2 a5 32. Ke2 a4 33.
Rc6 Ra5 34. Rc4 Nc5 35. Rb4 Kf6 36. Kd2 h5 37. g4 hxg4 38. hxg4 Na6 39. Rf4+
Ke6 40. Re4+ Kd6 41. Rf4 Ke7 42. Re4+ Kf8 43. Rc4 Rd5+ 44. Ke2 Ra5 1/2-1/2

[Event "Damhusmesterskabet Gruppe B 2011"]
[Site "Rodovre"]
[Date "2011.09.06"]
[Round "1"]
[White "Dyremose, Flemming"]
[Black "Sumberg, Petur"]
[Result "1-0"]
[WhiteElo "1576"]
[BlackElo "1605"]
[PlyCount "69"]
[EventDate "2011.??.??"]


1. d4 Nf6 2. c4 e6 3. Nc3 d5 4. Nf3 Bb4 5. a3 Bxc3+ 6. bxc3 O-O 7. e3 c6 8. Bd3
Nbd7 9. Qc2 dxc4 10. Bxc4 Re8 11. O-O h6 12. a4 Qa5 13. Bd2 b6 14. Bd3 c5 15.
c4 Qa6 16. d5 exd5 17. cxd5 Qb7 18. e4 Ne5 19. Nxe5 Rxe5 20. Bc3 Re8 21. f3 Qe7
22. Rfc1 Nd7 23. a5 c4 24. Be2 b5 25. Qb2 a6 26. Bxg7 h5 27. Bc3 f6 28. Bb4 Qg7
29. Ra3 Ne5 30. f4 Ng4 31. Qd4 h4 32. d6 Kh8 33. Rd1 Rxe4 34. Qxe4 Bb7 35. Qe7
1-0

[Event "Damhusmesterskabet Gruppe B 2011"]
[Site "Rodovre"]
[Date "2011.09.06"]
[Round "1"]
[White "Bauers, Sten"]
[Black "Lergren, Ole"]
[Result "0-1"]
[WhiteElo "1542"]
[BlackElo "1610"]
[PlyCount "52"]
[EventDate "2011.??.??"]


1. e4 c5 2. f4 Nc6 3. Nf3 d6 4. c3 Nf6 5. e5 Nd5 6. d4 cxd4 7. cxd4 Qa5+ 8. Bd2
Qb6 9. Nc3 Nxc3 10. Bxc3 e6 11. exd6 Bxd6 12. Ne5 O-O 13. Be2 f6 14. Nc4 Qc7
15. Nxd6 Qxd6 16. O-O Bd7 17. Qd2 Rfe8 18. Rad1 Ne7 19. Bb4 Qc7 20. Rc1 Bc6 21.
f5 Nxf5 22. d5 a5 23. Ba3 Rad8 24. Rxf5 exf5 25. Bf3 Qe5 26. Qxa5 Qe3+ 0-1

[Event "Damhusmesterskabet Gruppe B 2011"]
[Site "Rodovre"]
[Date "2011.09.13"]
[Round "2"]
[White "Sorensen, Leif"]
[Black "Lergren, Ole"]
[Result "0-1"]
[WhiteElo "1648"]
[BlackElo "1610"]
[PlyCount "58"]
[EventDate "2011.??.??"]


1. c4 e5 2. Nc3 Bb4 3. Nd5 Bc5 4. e3 c6 5. Nc3 Nf6 6. d4 exd4 7. exd4 Bb4 8.
Bd3 O-O 9. Nf3 Re8+ 10. Be3 Ng4 11. O-O Nxe3 12. fxe3 g6 13. e4 d6 14. Ne2 c5
15. Qb3 a5 16. a4 Nd7 17. Kh1 cxd4 18. Nfxd4 Nc5 19. Qc2 Qh4 20. Rf4 Qh6 21.
Raf1 Rf8 22. Nb5 Nxd3 23. Qxd3 Be6 24. Nc7 Rac8 25. Nd5 Bxd5 26. Qxd5 Rc7 27.
b3 Re7 28. Nd4 Bc5 29. Nf3 Qxf4 0-1

[Event "Damhusmesterskabet Gruppe B 2011"]
[Site "Rodovre"]
[Date "2011.09.13"]
[Round "2"]
[White "Nielsen, Jorgen Holmstrom"]
[Black "Dyremose, Flemming"]
[Result "1-0"]
[WhiteElo "1519"]
[BlackElo "1576"]
[PlyCount "73"]
[EventDate "2011.??.??"]


1. Nc3 d6 2. Nf3 c5 3. e3 a6 4. a4 Nf6 5. Ne2 Nc6 6. Ng3 e6 7. Be2 Be7 8. O-O
Bd7 9. d4 cxd4 10. exd4 Rc8 11. c3 Na5 12. Bg5 h6 13. Bxf6 Bxf6 14. Ne4 Be7 15.
Ng3 Qb6 16. b4 Nc4 17. Bxc4 Rxc4 18. Qd3 Qc7 19. Rfc1 b5 20. Nd2 Bg5 21. Nxc4
bxc4 22. Qc2 Bxc1 23. Qxc1 d5 24. Qe3 O-O 25. a5 Qd6 26. Re1 Re8 27. f4 Qe7 28.
Qf3 Qf6 29. Nh5 Qf5 30. h3 Re7 31. Ng3 Qd3 32. Re3 Qb1+ 33. Kh2 g6 34. h4 Kg7
35. f5 Kg8 36. Qf4 Kh7 37. Qd6 1-0

[Event "Damhusmesterskabet Gruppe B 2011"]
[Site "Rodovre"]
[Date "2011.09.13"]
[Round "2"]
[White "Sumberg, Petur"]
[Black "Hardarson, Gisli"]
[Result "0-1"]
[WhiteElo "1605"]
[BlackElo "1614"]
[PlyCount "126"]
[EventDate "2011.??.??"]


1. e4 e5 2. Nf3 Nc6 3. Bb5 Bc5 4. d3 Nf6 5. Bg5 d6 6. h3 O-O 7. c3 Re8 8. O-O
a6 9. Ba4 h6 10. Bxc6 bxc6 11. Bxf6 Qxf6 12. Qe2 a5 13. Nbd2 Ba6 14. c4 Bc8 15.
Kh2 g5 16. g3 a4 17. Rh1 g4 18. hxg4 Bxg4 19. Kg2 Bb4 20. Rh4 h5 21. Nf1 Kf8
22. Ne3 Qg6 23. Rah1 Ke7 24. Nxg4 hxg4 25. Nh2 Rg8 26. Nxg4 Kd7 27. Qf3 Kc8 28.
Nf6 Kb7 29. Rg4 Qxf6 30. Qxf6 Rxg4 31. Qxf7 Rag8 32. a3 Bc5 33. Rh7 Bb6 34. c5
dxc5 35. Rh6 c4 36. Qe6 cxd3 37. Qxc6+ Kb8 38. Qd5 Bd4 39. Qb5+ Bb6 40. Qxd3
Rf4 41. f3 Rf7 42. g4 Rgf8 43. Rh3 Rf6 44. Qc4 Rd6 45. Kg3 Be3 46. Qxa4 Bf4+
47. Kg2 Rfd8 48. Kf2 Rd2+ 49. Ke1 Rxb2 50. Qb4+ Rxb4 51. axb4 Kb7 52. Rh5 Rd6
53. Kf2 Rd2+ 54. Kf1 Kb6 55. g5 Kb5 56. Rh7 Bxg5 57. Rxc7 Kxb4 58. Rc8 Bh4 59.
Rf8 Kc3 60. Rf7 Kd3 61. Rd7+ Ke3 62. Rxd2 Kxd2 63. f4 exf4 0-1

[Event "Damhusmesterskabet Gruppe B 2011"]
[Site "Rodovre"]
[Date "2011.10.18"]
[Round "2"]
[White "Helleshoj, Knud Erik"]
[Black "Bauers, Sten"]
[Result "0-1"]
[WhiteElo "1537"]
[BlackElo "1542"]
[PlyCount "46"]
[EventDate "2011.??.??"]


1. e4 c5 2. Nf3 Nc6 3. d4 cxd4 4. Nxd4 a6 5. Nc3 e6 6. a3 g6 7. Be3 Bg7 8. f3
Nge7 9. Qd2 O-O 10. O-O-O b5 11. Kb1 Bb7 12. b4 h5 13. g4 Ne5 14. gxh5 gxh5 15.
Rg1 Kh7 16. Rg5 f6 17. f4 fxg5 18. fxe5 g4 19. Bg5 Bxe5 20. Nxe6 dxe6 21. Qxd8
Raxd8 22. Bxe7 Rxd1+ 23. Nxd1 Rxf1 0-1

[Event "Damhusmesterskabet Gruppe B 2011"]
[Site "Rodovre"]
[Date "2011.09.20"]
[Round "3"]
[White "Hardarson, Gisli"]
[Black "Nielsen, Jorgen Holmstrom"]
[Result "1/2-1/2"]
[WhiteElo "1614"]
[BlackElo "1519"]
[PlyCount "66"]
[EventDate "2011.??.??"]


1. e4 Nf6 2. Nc3 d5 3. exd5 Nxd5 4. Nf3 Bg4 5. h3 Bh5 6. d4 e6 7. Nxd5 Qxd5 8.
Be2 Be7 9. O-O O-O 10. c4 Qd8 11. Be3 c6 12. Ne5 Bxe2 13. Qxe2 Nd7 14. f4 Nxe5
15. fxe5 Bg5 16. Rad1 Bxe3+ 17. Qxe3 Qa5 18. a3 Rad8 19. Rf4 Rd7 20. Kh2 Qb6
21. b4 a5 22. bxa5 Qxa5 23. Rg4 Qc7 24. Rxg7+ Kxg7 25. Qg5+ Kh8 26. Qf6+ Kg8
27. Rd3 Rfd8 28. Rg3+ Kf8 29. Qh6+ Ke7 30. Qh4+ Kf8 31. Qh6+ Ke7 32. Qf6+ Kf8
33. Qh8+ Ke7 1/2-1/2

[Event "Damhusmesterskabet Gruppe B 2011"]
[Site "Rodovre"]
[Date "2011.09.20"]
[Round "3"]
[White "Dyremose, Flemming"]
[Black "Sorensen, Leif"]
[Result "1-0"]
[WhiteElo "1576"]
[BlackElo "1648"]
[PlyCount "65"]
[EventDate "2011.??.??"]


1. d4 d5 2. c4 e6 3. Nc3 Nc6 4. Nf3 Nf6 5. Bg5 Be7 6. e3 h6 7. Bh4 Ne4 8. Bxe7
Nxc3 9. Bxd8 Nxd1 10. Rxd1 Nxd8 11. Bd3 O-O 12. O-O b6 13. cxd5 exd5 14. Rc1 c6
15. Rc3 Bb7 16. Rfc1 a5 17. Bf5 g6 18. Bd7 f6 19. h4 Kf7 20. Ne1 Ke7 21. Bh3
Nf7 22. b3 Nd6 23. a4 h5 24. f3 g5 25. hxg5 fxg5 26. g4 Rh8 27. Nd3 Rh6 28. Ne5
hxg4 29. Bxg4 Rah8 30. Nxc6+ Kf6 31. Ne5 Bc8 32. Bxc8 Nxc8 33. Ng4+ 1-0

[Event "Damhusmesterskabet Gruppe B 2011"]
[Site "Rodovre"]
[Date "2011.09.20"]
[Round "3"]
[White "Lergren, Ole"]
[Black "Helleshoj, Knud Erik"]
[Result "1-0"]
[WhiteElo "1610"]
[BlackElo "1537"]
[PlyCount "41"]
[EventDate "2011.??.??"]


1. d4 d5 2. f4 Nf6 3. Nf3 e6 4. e3 Be7 5. Be2 O-O 6. O-O b6 7. Nbd2 Nbd7 8. Ne5
Bb7 9. Ndf3 c5 10. c3 c4 11. Bd2 Nxe5 12. fxe5 Ne4 13. Be1 b5 14. Nd2 Nxd2 15.
Qxd2 f5 16. Rf3 b4 17. Qc2 Ba6 18. Rh3 g6 19. e4 b3 20. Qc1 dxe4 21. Qh6 1-0

[Event "Damhusmesterskabet Gruppe B 2011"]
[Site "Rodovre"]
[Date "2011.09.20"]
[Round "3"]
[White "Bauers, Sten"]
[Black "Sumberg, Petur"]
[Result "0-1"]
[WhiteElo "1542"]
[BlackElo "1605"]
[PlyCount "88"]
[EventDate "2011.??.??"]


1. e4 d6 2. f4 g6 3. Nf3 Bg7 4. d4 Nf6 5. e5 dxe5 6. fxe5 Nd5 7. c4 Nb6 8. Nc3
O-O 9. Bg5 f6 10. Bh4 fxe5 11. Nxe5 Bxe5 12. dxe5 Nc6 13. c5 Qxd1+ 14. Rxd1 Nd7
15. Bc4+ Kg7 16. b4 Ncxe5 17. Bb3 Rf4 18. Bxe7 c6 19. a3 a5 20. Ne2 Rg4 21. O-O
axb4 22. Nf4 Rxa3 23. Be6 Rc3 24. Bxg4 Nxg4 25. Ne6+ Kg8 26. Rc1 Rxc1 27. Rxc1
Kf7 28. Bd6 Kxe6 29. Rc4 Ngf6 30. Rxb4 b5 31. cxb6 Kxd6 32. b7 Bxb7 33. Rxb7 c5
34. Kf2 c4 35. h3 c3 36. Ke2 Nd5 37. Ra7 h5 38. Ra6+ N7b6 39. g4 hxg4 40. hxg4
Ke5 41. Ra5 g5 42. Kf3 Nc4 43. Rc5 Kd4 44. Rc8 c2 0-1

[Event "Damhusmesterskabet Gruppe B 2011"]
[Site "Rodovre"]
[Date "2011.09.27"]
[Round "4"]
[White "Dyremose, Flemming"]
[Black "Hardarson, Gisli"]
[Result "1-0"]
[WhiteElo "1576"]
[BlackElo "1614"]
[PlyCount "54"]
[EventDate "2011.??.??"]


1. d4 Nf6 2. c4 e5 3. d5 Bc5 4. e3 d6 5. Nc3 Bf5 6. Bd3 e4 7. Be2 O-O 8. a3 a5
9. b3 Nbd7 10. Bb2 Re8 11. h3 Ne5 12. Na4 Nfd7 13. Bc3 c6 14. b4 axb4 15. axb4
Ba7 16. dxc6 bxc6 17. Qxd6 Qg5 18. g4 Re6 19. Qc7 Bxe3 20. fxe3 Nd3+ 21. Kd2
N7e5 22. h4 Nxc4+ 23. Kc2 Qxe3 24. gxf5 Rd6 25. Nb2 Rad8 26. Nxc4 Ne1+ 27. Rxe1
Rd3 1-0

[Event "Damhusmesterskabet Gruppe B 2011"]
[Site "Rodovre"]
[Date "2011.09.27"]
[Round "4"]
[White "Nielsen, Jorgen Holmstrom"]
[Black "Bauers, Sten"]
[Result "1-0"]
[WhiteElo "1519"]
[BlackElo "1542"]
[PlyCount "93"]
[EventDate "2011.??.??"]


1. Nc3 c5 2. Nf3 Nc6 3. e3 d5 4. d4 Bg4 5. h3 Bh5 6. g4 Bg6 7. Bb5 e6 8. Ne5
Qc7 9. Nxg6 hxg6 10. dxc5 Bxc5 11. Bd2 Nge7 12. Qf3 a6 13. Ba4 O-O-O 14. O-O-O
Ne5 15. Qg2 f5 16. gxf5 Nxf5 17. Bb3 Nh4 18. Qf1 Nhf3 19. e4 Nd4 20. Bg5 Nxb3+
21. axb3 Rdf8 22. exd5 Bxf2 23. Qe2 exd5 24. Rxd5 Nc6 25. Qe6+ Kb8 26. Rd7 Qg3
27. Qd6+ Qxd6 28. Rxd6 Bh4 29. Rxg6 Rf7 30. Bxh4 Rxh4 31. Rg4 Rh5 32. h4 Rhf5
33. Ne4 Ne5 34. Rg3 g6 35. Rd1 Rf4 36. Ng5 R7f6 37. Rh1 Rf1+ 38. Rxf1 Rxf1+ 39.
Kd2 Rf2+ 40. Kc3 Rf4 41. Re3 Nc6 42. Re4 Rf2 43. Kd3 Rh2 44. b4 Kc7 45. b3 Kd6
46. c3 Ne5+ 47. Rxe5 1-0

[Event "Damhusmesterskabet Gruppe B 2011"]
[Site "Rodovre"]
[Date "2011.09.27"]
[Round "4"]
[White "Sorensen, Leif"]
[Black "Helleshoj, Knud Erik"]
[Result "1-0"]
[WhiteElo "1648"]
[BlackElo "1537"]
[PlyCount "59"]
[EventDate "2011.??.??"]


1. c4 e5 2. Nc3 Nc6 3. e3 Nf6 4. d4 exd4 5. exd4 d6 6. h3 Be7 7. Nf3 d5 8. c5
b6 9. Bb5 Bd7 10. Qa4 Nb8 11. c6 Be6 12. Ne5 O-O 13. Be3 a6 14. g4 Ne8 15. f4
Nd6 16. f5 Bh4+ 17. Kd2 Bc8 18. Bd3 Bg5 19. Rae1 Bxe3+ 20. Rxe3 f6 21. Nf3 Nc4+
22. Bxc4 dxc4 23. Qxc4+ Kh8 24. Rhe1 b5 25. Qc5 g6 26. fxg6 hxg6 27. Nh4 Rg8
28. d5 Qd6 29. Qxd6 cxd6 30. Re8 1-0

[Event "Damhusmesterskabet Gruppe B 2011"]
[Site "Rodovre"]
[Date "2011.09.27"]
[Round "4"]
[White "Sumberg, Petur"]
[Black "Lergren, Ole"]
[Result "1-0"]
[WhiteElo "1605"]
[BlackElo "1610"]
[PlyCount "55"]
[EventDate "2011.??.??"]


1. e4 c5 2. Nf3 Nc6 3. d4 cxd4 4. Nxd4 a6 5. Nc3 e6 6. Be2 Nf6 7. Bg5 Qb6 8.
Nb3 Be7 9. Be3 Qc7 10. O-O O-O 11. f4 b5 12. e5 Ne8 13. a3 f6 14. exf6 Bxf6 15.
Bd3 d5 16. Be2 Bxc3 17. bxc3 Nd6 18. Bd3 Nc4 19. Qe2 Ne7 20. Bc5 Rf6 21. Qh5 g6
22. Qg5 Rf7 23. h4 e5 24. fxe5 Nf5 25. h5 Nxe5 26. hxg6 hxg6 27. Rae1 Nxd3 28.
Qxg6+ 1-0

[Event "Damhusmesterskabet Gruppe B 2011"]
[Site "Rodovre"]
[Date "2011.10.04"]
[Round "5"]
[White "Hardarson, Gisli"]
[Black "Sorensen, Leif"]
[Result "1/2-1/2"]
[WhiteElo "1614"]
[BlackElo "1648"]
[PlyCount "40"]
[EventDate "2011.??.??"]


1. d4 d5 2. e4 dxe4 3. Nc3 f5 4. Bc4 Nf6 5. f3 Nc6 6. Be3 e6 7. Qd2 Bb4 8. Nge2
Ne7 9. a3 Bxc3 10. Nxc3 exf3 11. gxf3 c6 12. O-O-O b5 13. Bb3 Ned5 14. Rhg1 Qc7
15. Nxd5 cxd5 16. Qb4 Qd7 17. Bg5 Bb7 18. Rd3 a5 19. Qe1 O-O 20. Qe5 Kh8
1/2-1/2

[Event "Damhusmesterskabet Gruppe B 2011"]
[Site "Rodovre"]
[Date "2011.10.04"]
[Round "5"]
[White "Bauers, Sten"]
[Black "Dyremose, Flemming"]
[Result "0-1"]
[WhiteElo "1542"]
[BlackElo "1576"]
[PlyCount "84"]
[EventDate "2011.??.??"]


1. e4 c5 2. Nf3 d6 3. d4 cxd4 4. c3 dxc3 5. Nxc3 Nc6 6. Bf4 e5 7. Bg3 Nf6 8.
Bc4 Be6 9. Bxe6 fxe6 10. Ng5 Qd7 11. Qb3 Nd4 12. Qd1 Be7 13. O-O O-O 14. f4
exf4 15. Bxf4 e5 16. Be3 Ng4 17. Bc1 h6 18. Nf3 Nxf3+ 19. Rxf3 Rxf3 20. Qxf3
Nf6 21. Be3 Qg4 22. Nd5 Qxf3 23. Nxe7+ Kf7 24. gxf3 Kxe7 25. Rc1 Kd7 26. a4 a6
27. a5 Rc8 28. Rxc8 Kxc8 29. b4 Kc7 30. Kf2 Kc6 31. Ke2 d5 32. Bc5 dxe4 33.
fxe4 Nxe4 34. Bf8 Kd5 35. Bxg7 h5 36. Ke3 Nd6 37. Bf8 Nf5+ 38. Kd2 Ke4 39. Ke2
Nd4+ 40. Kf2 Kd3 41. h3 e4 42. Bh6 Nc2 0-1

[Event "Damhusmesterskabet Gruppe B 2011"]
[Site "Rodovre"]
[Date "2011.10.04"]
[Round "5"]
[White "Helleshoj, Knud Erik"]
[Black "Sumberg, Petur"]
[Result "1/2-1/2"]
[WhiteElo "1537"]
[BlackElo "1605"]
[PlyCount "48"]
[EventDate "2011.??.??"]


1. e4 e6 2. Nf3 c5 3. d4 cxd4 4. Nxd4 Qb6 5. Nc3 Bc5 6. Na4 Qa5+ 7. Nc3 Bxd4 8.
Qxd4 Nf6 9. e5 Nc6 10. Qf4 Qxe5+ 11. Qxe5 Nxe5 12. Nb5 Kd8 13. Bf4 Ng6 14. Bc7+
Ke8 15. Bd3 d5 16. Bxg6 hxg6 17. Be5 Ke7 18. h3 a5 19. Nc7 Ra7 20. O-O-O b6 21.
Nb5 Ra8 22. Nc7 Ra7 23. Nb5 Ra6 24. Nc7 Ra7 1/2-1/2

[Event "Damhusmesterskabet Gruppe B 2011"]
[Site "Rodovre"]
[Date "2011.10.04"]
[Round "5"]
[White "Lergren, Ole"]
[Black "Nielsen, Jorgen Holmstrom"]
[Result "1-0"]
[WhiteElo "1610"]
[BlackElo "1519"]
[PlyCount "91"]
[EventDate "2011.??.??"]


1. e4 Nf6 2. Nc3 d5 3. e5 Ne4 4. f4 Nxc3 5. bxc3 e6 6. d4 c5 7. Nf3 Be7 8. Be2
Bh4+ 9. g3 Be7 10. O-O c4 11. Ne1 b5 12. a4 Qa5 13. Ba3 Bxa3 14. Rxa3 bxa4 15.
Qa1 Bd7 16. Bg4 Na6 17. f5 Nc7 18. Ng2 Rb8 19. Ne3 Rb6 20. Be2 O-O 21. f6 g6
22. Qc1 Ne8 23. Rf4 Qb5 24. Ra1 Qb2 25. Qe1 a3 26. Bxc4 dxc4 27. Nxc4 Qxc2 28.
Nxb6 Bc6 29. Rf2 Qd3 30. Nc8 Bb7 31. Ne7+ Kh8 32. Rxa3 a6 33. Rb3 Be4 34. Qe2
Nc7 35. Qxd3 Bxd3 36. Rfb2 h5 37. Rb8 Rxb8 38. Rxb8+ Kh7 39. Rf8 Nb5 40. Rxf7+
Kh6 41. Nc6 Nxc3 42. Re7 Bc4 43. h4 Ne2+ 44. Kf2 Nc3 45. Re8 Kh7 46. f7 1-0

[Event "Damhusmesterskabet Gruppe B 2011"]
[Site "Rodovre"]
[Date "2011.10.11"]
[Round "6"]
[White "Hardarson, Gisli"]
[Black "Bauers, Sten"]
[Result "1/2-1/2"]
[WhiteElo "1614"]
[BlackElo "1542"]
[PlyCount "54"]
[EventDate "2011.??.??"]


1. e4 c5 2. Nc3 Nc6 3. f4 g6 4. Nf3 Bg7 5. Bc4 e6 6. f5 Nge7 7. fxe6 fxe6 8.
O-O O-O 9. d3 d5 10. exd5 exd5 11. Bb3 Be6 12. Bg5 a6 13. Qe1 Qd7 14. Bxe7 Nxe7
15. a4 Rae8 16. Rd1 Kh8 17. Ne2 Bxb2 18. c3 Qc8 19. Bc2 d4 20. Rb1 dxc3 21.
Nxc3 Ba3 22. Qe5+ Kg8 23. Ne4 Rf5 24. Nf6+ Kf8 25. Nxh7+ Kg8 26. Nf6+ Kf8 27.
Nh7+ Kg8 1/2-1/2

[Event "Damhusmesterskabet Gruppe B 2011"]
[Site "Rodovre"]
[Date "2011.10.11"]
[Round "6"]
[White "Nielsen, Jorgen Holmstrom"]
[Black "Helleshoj, Knud Erik"]
[Result "0-1"]
[WhiteElo "1519"]
[BlackElo "1537"]
[PlyCount "90"]
[EventDate "2011.??.??"]


1. Nc3 e5 2. Nf3 Nc6 3. d4 exd4 4. Nxd4 Nxd4 5. Qxd4 Nf6 6. e4 d6 7. Bg5 Be7 8.
O-O-O O-O 9. f4 h6 10. Bxf6 Bxf6 11. Qe3 Qe7 12. Nd5 Qd8 13. h3 c6 14. Nxf6+
Qxf6 15. g4 Re8 16. g5 hxg5 17. fxg5 Qe5 18. Bd3 Qe6 19. Kb1 d5 20. Rde1 dxe4
21. Bxe4 g6 22. h4 Qg4 23. h5 Bf5 24. h6 Rxe4 25. h7+ Kh8 26. Qc3+ Rd4 27. Qe3
Qe4 28. Qb3 Qxc2+ 29. Qxc2 Bxc2+ 30. Kxc2 Rad8 31. Re7 R4d7 32. Re5 Kg7 33. Re3
Rh8 34. Reh3 Rd5 35. Ra3 a5 36. Rb3 b5 37. Rf3 Rxg5 38. Rhf1 f5 39. Rc3 Rxh7
40. Rxc6 Rh2+ 41. Kb1 Rgg2 42. Rd1 Rxb2+ 43. Kc1 Rxa2 44. Kb1 Rhb2+ 45. Kc1
Ra1+ 0-1

[Event "Damhusmesterskabet Gruppe B 2011"]
[Site "Rodovre"]
[Date "2011.10.11"]
[Round "6"]
[White "Dyremose, Flemming"]
[Black "Lergren, Ole"]
[Result "1-0"]
[WhiteElo "1576"]
[BlackElo "1610"]
[PlyCount "112"]
[EventDate "2011.??.??"]


1. d4 d5 2. c4 c6 3. Nc3 f5 4. Nf3 Nf6 5. e3 e6 6. Bd3 Be7 7. cxd5 cxd5 8. Qa4+
Bd7 9. Qb3 Nc6 10. O-O Na5 11. Qd1 Rc8 12. Ne5 a6 13. Bd2 O-O 14. f3 Nc6 15.
Nxd7 Qxd7 16. a3 b5 17. Qe1 Qb7 18. Ne2 Ne8 19. Bc3 e5 20. Bc2 Nd6 21. Qf2 Nc4
22. Bb3 e4 23. Nf4 Qd7 24. Bxc4 bxc4 25. Qc2 Bg5 26. Rae1 Na7 27. Nh3 Be7 28.
f4 Rb8 29. Nf2 Rb3 30. Nd1 Nb5 31. Re2 Rb8 32. Qc1 Qe8 33. Rc2 Qh5 34. Qd2 Rb6
35. Rf2 Rh6 36. g3 Rg6 37. Qe2 Rg4 38. Rg2 Qf7 39. Nf2 Rg6 40. Nd1 Rb6 41. Qd2
Qe8 42. Qe2 Qb8 43. g4 fxg4 44. Qxg4 Rg6 45. Qf5 Rxg2+ 46. Rxg2 Qb7 47. Qe6+
Kh8 48. Qf7 g6 49. Bb4 Rxb4 50. axb4 Nd6 51. Qe6 Nf5 52. Qe5+ Kg8 53. Qxf5 Qxb4
54. Qxd5+ Kg7 55. Nc3 Qb3 56. f5 g5 1-0

[Event "Damhusmesterskabet Gruppe B 2011"]
[Site "Rodovre"]
[Date "2011.10.11"]
[Round "6"]
[White "Sorensen, Leif"]
[Black "Sumberg, Petur"]
[Result "1/2-1/2"]
[WhiteElo "1648"]
[BlackElo "1605"]
[PlyCount "124"]
[EventDate "2011.??.??"]


1. f4 e6 2. Nf3 d5 3. e3 Nc6 4. c4 Nf6 5. Be2 g6 6. O-O Bg7 7. Ne5 O-O 8. b3
Nxe5 9. fxe5 Nd7 10. d4 Nxe5 11. Ba3 Nc6 12. Bxf8 Kxf8 13. cxd5 Qxd5 14. Bf3
Qg5 15. Re1 Bd7 16. Nc3 e5 17. Ne4 Qe7 18. d5 Nd8 19. Rc1 f5 20. d6 cxd6 21.
Nxd6 e4 22. Be2 Bc6 23. b4 Be5 24. Nc4 Bc7 25. Qd4 Nf7 26. Bd1 Qxb4 27. Bb3 Qe7
28. a4 Rd8 29. Qb2 Ne5 30. Nxe5 Bxe5 31. Qc2 Rd6 32. Rcd1 Qh4 33. g3 Qf6 34.
Qc4 Ke7 35. Rxd6 Bxd6 36. a5 h5 37. a6 g5 38. axb7 Bxb7 39. Qb5 Bc8 40. Ba4 Qf7
41. Rd1 f4 42. Qc6 Qe6 43. Rd4 Bd7 44. Qxd7+ Qxd7 45. Bxd7 Kxd7 46. gxf4 gxf4
47. exf4 e3 48. Kf1 a5 49. Ke2 Ke6 50. Re4+ Kf5 51. Kxe3 Kg4 52. Rc4 h4 53. h3+
Kxh3 54. f5 Kg3 55. Rc6 Bf4+ 56. Ke4 Bd2 57. Rg6+ Kf2 58. f6 h3 59. f7 Bb4 60.
Rf6+ Kg2 61. f8=Q Bxf8 62. Rxf8 h2 1/2-1/2

[Event "Damhusmesterskabet Gruppe B 2011"]
[Site "Rodovre"]
[Date "2011.10.25"]
[Round "7"]
[White "Lergren, Ole"]
[Black "Hardarson, Gisli"]
[Result "1/2-1/2"]
[WhiteElo "1610"]
[BlackElo "1614"]
[PlyCount "42"]
[EventDate "2011.??.??"]


1. e4 d5 2. e5 c5 3. c3 Nc6 4. d4 Bf5 5. Nf3 e6 6. Bd3 Bxd3 7. Qxd3 cxd4 8.
cxd4 Bb4+ 9. Nc3 h6 10. O-O Nge7 11. a3 Bxc3 12. bxc3 Na5 13. Rb1 O-O 14. Nh4
f5 15. Qg3 Kh7 16. Nf3 Rc8 17. Qh3 Rc6 18. Bd2 Qc8 19. Ne1 Nc4 20. Bc1 Ng6 21.
Nd3 a5 1/2-1/2

[Event "Damhusmesterskabet Gruppe B 2011"]
[Site "Rodovre"]
[Date "2011.10.25"]
[Round "7"]
[White "Bauers, Sten"]
[Black "Sorensen, Leif"]
[Result "0-1"]
[WhiteElo "1542"]
[BlackElo "1648"]
[PlyCount "84"]
[EventDate "2011.??.??"]


1. e4 c5 2. Nf3 Nc6 3. d4 cxd4 4. c3 dxc3 5. Nxc3 d6 6. Bc4 Nf6 7. O-O g6 8. e5
dxe5 9. Qe2 Bg4 10. Rd1 Qc8 11. h3 Nd4 12. Qxe5 Nc6 13. Qe3 Bxf3 14. Qxf3 Bg7
15. Bf4 O-O 16. Rac1 a6 17. Nd5 Nxd5 18. Bxd5 Bxb2 19. Bxc6 bxc6 20. Rxc6 Qf5
21. g4 Qa5 22. Qb3 Bf6 23. a4 h5 24. Kf1 e6 25. Qc4 Rfd8 26. Rxd8+ Qxd8 27.
Rxa6 Rxa6 28. Qxa6 Qd1+ 29. Kg2 hxg4 30. Qa8+ Kg7 31. hxg4 Qxg4+ 32. Bg3 e5 33.
a5 e4 34. f3 exf3+ 35. Qxf3 Qc4 36. Qa3 Qe2+ 37. Kh3 g5 38. Qa4 Be7 39. a6 f5
40. Bb8 g4+ 41. Kg3 Qf3+ 42. Kh2 Qh3+ 0-1

[Event "Damhusmesterskabet Gruppe B 2011"]
[Site "Rodovre"]
[Date "2011.10.20"]
[Round "7"]
[White "Helleshoj, Knud Erik"]
[Black "Dyremose, Flemming"]
[Result "0-1"]
[WhiteElo "1537"]
[BlackElo "1576"]
[PlyCount "49"]
[EventDate "2011.??.??"]


1. e4 c5 2. Nf3 d6 3. d4 cxd4 4. Nxd4 Nf6 5. Nc3 a6 6. a3 e5 7. Nf3 Be6 8. Be2
Nc6 9. O-O Rc8 10. Ng5 Be7 11. Nxe6 fxe6 12. Bh5+ Nxh5 13. Qxh5+ g6 14. Qd1 Nd4
15. Be3 Bf6 16. Rc1 Qb6 17. b3 Rxc3 18. Qd2 Qc7 19. f4 Rxc2 20. Rxc2 Qxc2 21.
Qxc2 Nxc2 22. Rc1 Nxe3 23. Rc8+ Kf7 24. Rxh8 Bxh8 25. fxe5 0-1

[Event "Damhusmesterskabet Gruppe B 2011"]
[Site "Rodovre"]
[Date "2011.10.25"]
[Round "7"]
[White "Sumberg, Petur"]
[Black "Nielsen, Jorgen Holmstrom"]
[Result "1-0"]
[WhiteElo "1605"]
[BlackElo "1519"]
[PlyCount "69"]
[EventDate "2011.??.??"]


1. e4 Nf6 2. Nc3 d5 3. e5 Ne4 4. d4 Nxc3 5. bxc3 Bf5 6. Bd3 Bxd3 7. Qxd3 Nd7 8.
Qb5 e6 9. Qxb7 Be7 10. Nf3 O-O 11. O-O c5 12. Ba3 Rb8 13. Qa6 cxd4 14. cxd4
Bxa3 15. Qxa3 Qc7 16. Qd3 Rb2 17. Rfc1 Rc8 18. c3 Nb6 19. Nd2 Na4 20. c4 Qa5
21. Nb3 Qd8 22. c5 Qg5 23. Qa6 Rf8 24. Qxa4 f6 25. Qa3 Re2 26. Re1 Rxe1+ 27.
Rxe1 fxe5 28. Rxe5 Qg4 29. Qc1 h5 30. h3 Qg6 31. Rg5 Qf6 32. Qe3 g6 33. c6 e5
34. Rxe5 Qxc6 35. Re7 1-0